00595 2200217 4500001002100000005001700021008004100038020001800079035002400097082000800121090001500129100002300144245006500167250001600232260003300248300003100281650001100312990001800323990001800341990001800359YOGYA-0411000000199820110425110927.0 ind  a979-1078-13-0 0010-041100000001998 a650 a650bHaf A aHAFIDZ, Ibnu Novel aAiu E O mengulik bisnis event organisasi / Ibnu Novel Hafidz aEd.1bCet.1 aYogjakartabGava Mediac2007 axvi,171 hlm.bilus.c23 cm aBisnis a51377-PD/B.10 a51378-PD/B.10 a51379-PD/B.10